| 000 | 00438nam a2200157Ia 4500 | ||
|---|---|---|---|
| 008 | 210716s1990 xx 000 0 und d | ||
| 020 | _a71007172 | ||
| 041 | _aeng | ||
| 082 | _a005.2 FERJ | ||
| 100 | _aFernandez, Judi N; Ashley, Ruth. | ||
| 245 | _aAssembly language programming for the 80386. | ||
| 250 | _a1 | ||
| 260 |
_aNew Delhi _bMc Graw Hill Book Company _c1990 |
||
| 300 | _axv,388 | ||
| 650 | _aProgramming Languages(005.13) | ||
| 999 |
_c182116 _d182116 |
||